| 000 | 02992nam a2200337 a 4500 | ||
|---|---|---|---|
| 003 | OSt | ||
| 005 | 20250612093549.0 | ||
| 007 | cr ||||||a|c|a | ||
| 008 | 240621s2021 mx a|||fom||| 001 0 spa d | ||
| 040 | _erda | ||
| 100 | 1 |
_9189244 _aQuintero Cabrera, David |
|
| 245 | 1 | 0 |
_aCaracterización morfológica y molecular de la cenicilla (Golovinomyces biocellatus ) asociadas a la raíz de manzo (Viguiera excelsa) / _cpor David Quintero Cabrera; director de tesis Santos Gerardo Leyva Mir; secretario J. Antonio Tafoya Razo; vocal Jaime Alfredo Urzúa Gutiérrez; suplente Roney Solano Vidal; suplente Calixto Leopoldo Carrillo Fonseca. |
| 264 | 1 |
_aChapingo, México : _bEl autor, _c2021. |
|
| 300 |
_a1 recurso en línea (44 páginas): _bcuadros, figuras. |
||
| 336 |
_2rdacontent _atexto _btxt |
||
| 337 |
_2rdamedia _acomputadora _bc |
||
| 338 |
_2rdacarrier _arecurso en línea _bcr |
||
| 502 |
_bIAEPA _cParasitología _d2021. _gLIC |
||
| 504 | _aIncluye referencias bibliográficas: páginas 25-29,42-44. | ||
| 520 | _aRomerillo grueso (Viguiera excelsa) es una planta silvestre y endémica de México distribuida en lugares perturbados y de vegetación secundaria derivada generalmente de encinares y bosques tropicales. Durante Junio de 2018 plantas de esta especie creciendo de manera natural exhibieron síntomas de cenicilla en las hojas y peciolos en el estado de Hidalgo, México. El micelio encontrado fue anfígeno, hialino el cual presentó apresorios hifales ligeramente lobulados. También se encontraron conidios de forma doliiforme a elipsoide-ovoide, 27.24 a 39.57 x 12.18 a 21.79 μm (n=100), con cuerpos fibrosina ausentes, así mismo los conidios presentaron tubos germinativos de tipo Reticuloidium. Los caracteres morfológicos fueron consistentes por los descritos para Golovynomyces biocellatus por Braun y Cook (1987) y el tipo de tubo germinativo coincide con lo reportado por Cook y Braun (2009). Para confirmar la identificación, la región ITS del rDNA fue amplificada usando los primers ITS5 y ITS4 (White et al.1990). También se amplifico la región 28S del rDNA mediante una PCR anidad con los primers PM3 (Takamatsu y Kano, 2001) y TW14 (Mori et al., 2000) para la primera reacción, y para la segunda reacción se emplearon los primers NL1 y TW14 (Mori et al., 2000). | ||
| 650 | 4 |
_aViguiera excelsa _xEnfermedades por hongos _9189245 |
|
| 650 | 4 |
_9135180 _aGolovinomyces biocellatus _xIdentificación |
|
| 650 | 4 |
_9189246 _aGolovinomyces biocellatus _xFisiología y morfología |
|
| 700 | 1 |
_aLeyva Mir, Santos Gerardo _eDirector de tesis. _966581 |
|
| 700 | 0 |
_aTafoya Razo, José Antonio _eSecretario. _9111341 |
|
| 700 | 1 |
_9117018 _aUrzúa Gutiérrez, Jaime Alfredo _eVocal. |
|
| 700 | 1 |
_9189248 _aSolano Vidal, Roney _eSuplente. |
|
| 700 | 1 |
_919482 _aCarrillo Fonseca, Calixto Leopoldo _eSuplente. |
|
| 856 |
_uhttp://10.13.5.2/tesis/tl/2021_PA_Quintero_Cabrera_David.pdf _zDESCARGAR PDF |
||
| 942 |
_2Clasificación Universidad Autónoma Chapingo _cTD |
||
| 999 |
_c220010 _d220010 |
||